| 000 | 00904nam a2200241 i 4500 | ||
|---|---|---|---|
| 001 | 170734 | ||
| 003 | ES-MaACL | ||
| 005 | 20230906214439.0 | ||
| 008 | 090401s1967 xxk d |||| | eng d | ||
| 080 | _a811.111'355 | ||
| 100 | 1 |
_aJones, Daniel. _966836 |
|
| 245 | 1 | 0 |
_aEveryman's English pronouncing dictionary _b: containing over 58000 words in international phonetic transcription / _cby Daniel Jones. |
| 250 |
_a13th ed. _bedited by A. C. Gimson. |
||
| 260 |
_aLondon : _bDent ; _aNew York : _bDutton, _c1967. |
||
| 300 |
_aXLVI, 544 p. ; _c20 cm. |
||
| 490 | 1 | _aEveryman's reference library | |
| 650 | 0 | 4 |
_aLengua inglesa- _xPronunciación. _914284 |
| 650 | 0 | 4 |
_aLengua inglesa- _vDiccionarios. _914269 |
| 700 | 1 |
_aGimson, A. C. _9139714 |
|
| 830 | 0 |
_aEveryman's reference library _9192535 |
|
| 852 |
_aES-MaACL _jE-12530 _z. - Biblioteca Jacinto MartÃnez Lacalle |
||
| 999 |
_c170734 _d170734 |
||